000 00508nam a2200217Ia 4500
003 OSt
005 20220928151300.0
006 a|||||r|||| 00| 0
007 ta
008 220927b |||||||| |||| 00| 0 eng d
024 _a122626
037 _cTextual
040 _aSDCL
_cSDCL
_beng
041 _2eng
_aeng
082 _aO12,1B956,2, K8
100 _aOvid
_9461324
245 0 _aAmores.
260 _c1968
942 _hO12,1B956,2, K8
_cTEXL
_2CC
999 _c850881
_d850881